000 01108nam a2200325 a 4500
001 31030
003 BD-RjUL
005 20211209051642.0
008 141030s2010 riua b 001 0 eng
020 _a9780821849255 (alk. paper)
020 _a0821849255 (alk. paper)
020 _a97814704092289
035 _a(OCoLC)ocn427757156
_a(BD-RjUL)31117
040 _aDLC
_cDLC
_dYDX
_dYDXCP
_dUV0
_dDLC
_dBD-RjUL
_beng
041 _aeng
082 0 0 _a514
_222
_bEDC 2010
100 1 _aEdelsbrunner, Herbert.
_9113787
245 1 0 _aComputational topology :
_ban introduction /
_cHerbert Edelsbrunner, John L. Harer.
260 _aProvidence, R.I. :
_bAmerican Mathematical Society,
_cc2010.
300 _axii, 241 p. :
_bill. ;
_c27 cm.
504 _aIncludes bibliographical references and index.
650 0 _aTopology
_xData processing.
_9113788
650 0 _aGeometry
_xData processing.
_9113789
650 0 _aComputational complexity.
_9113790
650 0 _aAlgorithms.
_9113791
700 1 _aHarer, J.
_q(John),
_d1952-
_9113792
942 _2ddc
_cBK
999 _c31030
_d31030